000 00282 a2200121 4500
999 _c322095
_d322095
001 87022
003 NUST
005 20180124122750.0
008 180124b xxu||||| |||| 00| 0 eng d
082 _a909.09767 MOR
100 _aMorgan,Hamilton
_99688
245 _aLost History
_hEnglish
260 _aUSA
_bNational Geographic
_c2007
300 _a301p
942 _aAHQ
_cBK
_k909.09767 MOR
_2ddc